LIBRARY & INFORMATION CENTRE, KCAET, TAVANUR

ONLINE PUBLIC ACCESS CATALOGUE (OPAC)

Structural Engineering (Record no. 18942)

MARC details
000 -LEADER
fixed length control field 00265nam a22001217a 4500
003 - CONTROL NUMBER IDENTIFIER
control field OSt
008 - FIXED-LENGTH DATA ELEMENTS--GENERAL INFORMATION
fixed length control field 250106b |||||||| |||| 00| 0 eng d
041 ## - LANGUAGE CODE
Language code of text/sound track or separate title eng
082 ## - DEWEY DECIMAL CLASSIFICATION NUMBER
Classification number 624.171
Item number RAO/ST
100 ## - MAIN ENTRY--AUTHOR NAME
Personal name Rao, JK
245 ## - TITLE STATEMENT
Title Structural Engineering
942 ## - ADDED ENTRY ELEMENTS (KOHA)
Koha item type Books
Holdings
Withdrawn status Lost status Damaged status Home library Current library Date acquired Cost, normal purchase price Full call number Accession Number Koha item type Public note
Withdrawn     KAUAET KAUAET 06/01/2025 6.00 624.171 RAO/ST 13252 Books Withdrawn as per order no D3-2081/95 dated 09/01/97
Withdrawn     KAUAET KAUAET 06/01/2025 6.00 624.171 RAO/ST 13253 Books  
free website counter